[Event "Berezniki-ch"]
[Site "Berezniki"]
[Date "2001.??.??"]
[Round "8"]
[White "Yakovlev, Alexei"]
[Black "Kosogorov, Konstantin"]
[Result "1-0"]
[WhiteElo "2116"]
[BlackElo "2206"]
[PlyCount "95"]
[EventDate "2001.02.??"]
[EventType "swiss"]
[EventRounds "11"]
[EventCountry "RUS"]
[SourceTitle "EXT 2002"]
[Source "ChessBase"]
[SourceDate "2001.11.25"]
[SourceVersion "1"]
[SourceVersionDate "2001.11.25"]
[SourceQuality "1"]

1. d4 d5 2. c4 e6 3. Nc3 Nf6 4. Bg5 Be7 5. Nf3 0-0 6. Bxf6 Bxf6 7. e3 c5 8. cxd5 cxd4 9. Nxd4 exd5 10. Be2 Nc6 11. Nxc6 bxc6 12. 0-0 Rb8 13. Qc2 Qa5 14. a3 Bxc3 15. bxc3 Rb6 16. Rfd1 Be6 17. Rd4 Rfb8 18. Rb4 Qc5 19. Rab1 a5 20. Rxb6 Rxb6 21. Rxb6 Qxb6 22. a4 g6 23. Bd3 c5 24. Bb5 Bf5 25. Qd2 Be6 26. Qd3 h5 27. f4 Kf8 28. Kf2 Ke7 29. h3 h4 30. Kf3 Qd6 31. Qd2 g5 32. Qe1 f6 33. g4 Kf8 34. Qb1 d4 35. cxd4 Bd5+ 36. Ke2 gxf4 37. Qh7 f3+ 38. Kd1 Bb3+ 39. Kc1 Bf7 40. Qxh4 cxd4 41. exd4 Qxd4 42. Qh8+ Ke7 43. Qc8 Qe3+ 44. Kb2 Qd2+ 45. Qc2 Qxc2+ 46. Kxc2 Be8 47. Bxe8 Kxe8 48. Kd3 1-0